000 00668nam a2200205Ii 4500
003 JO-AjNU
008 230606s9999||||xx |||||||||||||| ||und||
020 _a978-0-19-43-1022-2
040 _aJO-AjNU
_beng
_erda
_cJO-AjNU
041 _aeng
050 1 4 _aP118.2 2010
100 3 _aCoe,Norman تأليف/Harrison,Mark تأليف,
_eauthor
_92122
245 0 0 _aOxford Practice Grammar With Answers:Basic,With Tests
264 3 1 _aNew York:Oxford University Press,2010
300 _a296p
336 _atext
_btxt
_2rdacontent
337 _aunmediated
_bn
_2rdamedia
338 _avolume
_bnc
_2rdacarrier
650 4 _aOxford Practice Grammar With Answers-Grammar
_92123
999 _aE1114
_c1114
_d1114